000 00570nam a2200217Ia 4500
003 GCL
005 20240530100258.0
008 140319s9999 xx 000 0 eng d
040 _aGCL /
_cGCL
082 0 4 _a306.7
_bC C
100 1 _aCAPLAN, PAT
245 1 0 _aTHE CULTURAL CONSTRUCTION OF SEXUALITY /
_cCAPLAN, PAT
260 _a[S.N] :
_bROUTLEDGE ،
_c1987
300 _a309 P
650 0 4 _aSEXUALITY
650 0 4 _aSEXUAL - GEOGRAPHY
650 0 4 _aIDENTIFICATION ( PSYCHOLOGY )
650 0 4 _aCROSS - CULTURAL COMPARISON
650 0 4 _aSEX
942 _2ddc
_cBK
999 _c15988
_d15988